| 000 | 00477cam a22001457a 4500 | ||
|---|---|---|---|
| 008 | 180718b1966 xxu||||| |||| 00| 0 eng d | ||
| 082 | _aT000x44 H335 | ||
| 100 | _aHayward, J.E.S. | ||
| 245 |
_aPrivate interests and public policy: the experience of the French Economic and Social Council _cby J.E.S. Hayward |
||
| 260 |
_aLondon _bLongmans _c1966 |
||
| 300 | _a115p. | ||
| 500 | _a15/- | ||
| 650 | _aFrance - Economic and Social Council | ||
| 650 | _aEconomic Planning - France | ||
| 999 |
_c367953 _d367953 |
||